| 000 | 00511nam a22001937a 4500 | ||
|---|---|---|---|
| 005 | 20260515162143.0 | ||
| 008 | 260515b |||||||| |||| 00| 0 eng d | ||
| 020 |
_a9780387207568 _c7407.74 |
||
| 040 | _aMAIN | ||
| 041 | _aEnglish | ||
| 082 |
_a512.7 BUC _bBUC |
||
| 100 |
_aBucmann, Johannes A. _926830 |
||
| 245 | _aIntroduction to Cryptography | ||
| 250 | _a2nd | ||
| 260 |
_aUnited State of America _bSpringer _c2004 |
||
| 300 | _a335 | ||
| 650 |
_aComputer Science (PM (USHA) _926808 |
||
| 942 | _cBK | ||
| 999 |
_c60811 _d60811 |
||